[Event "Istanbul Open 2017"]
[Site "Istanbul"]
[Date "2017.09.14"]
[Round "5"]
[White "Erden, Kadir"]
[Black "Ozgur, Isa"]
[Result "1-0"]
[WhiteElo "2283"]
[BlackElo "1962"]
[Annotator "TA"]
[PlyCount "127"]
[EventDate "2017.??.??"]
[EventType "swiss"]
[EventCountry "TUR"]
[SourceTitle "playchess.com"]
[Source "ChessBase"]
[SourceQuality "1"]

{[%evp 16,127,-10,-23,-24,-10,-18,-8,-3,-21,-15,-29,58,58,50,51,58,68,74,71,75,53,50,49,47,15,27,34,28,20,52,27,28,28,25,16,20,20,17,8,20,0,0,0,0,0,0,5,4,0,24,30,55,4,26,17,24,24,25,16,25,20,62,54,148,113,192,195,214,214,212,211,214,197,186,185,183,175,247,174,163,0,237,197,189,195,210,208,239,239,296,259,270,264,238,214,214,185,155,33,251,263,518,490,380,376,661,622,655,641,5308,5214,5424,5417]} 1. d4 Nf6 2. c4 e6 3. Nc3 Bb4 4. e3 O-O 5. Nge2 Re8 6. a3 Bf8 7. Ng3 d5 8. cxd5 {E46: Nimzo-Indian: Rubinstein: 4 e3 0-0 5 Ne2 without early Bd3} (8. Be2 b6 9. cxd5 exd5 10. b4 Bb7 11. O-O Nbd7 12. Qb3 c6 13. Bf3 a6 14. Rd1 b5 15. e4 Nb6 {0-1 (51) Gupta,A (2627)-Wei,Y (2725) Liaocheng 2017}) 8... exd5 9. Be2 {LiveBook: 5 Games} c6 10. O-O {Black has an edge.} g6 $146 ({Find the theoretical novelty and annotate with similar games:} 10... a5 11. b3 Na6 12. Bb2 g6 13. Re1 h5 14. Bd3 h4 15. Nf1 Nc7 {0-1 (96) Webersberger,J (2362)-Nowak,L (2263) Warsaw 2016}) 11. Re1 h5 {[%cal Bh7h5,Bh5h4][%mdl 32]} 12. Bd3 h4 13. Nf1 Be6 (13... h3 $11) 14. h3 $1 $14 c5 15. dxc5 Bxc5 16. b4 Bd6 17. Bb2 Nc6 18. Nb5 Be5 19. Bxe5 Nxe5 20. Nd4 Rc8 21. Nh2 Ne4 22. Nhf3 Qf6 23. Bxe4 dxe4 24. Nxe5 Qxe5 25. Rc1 Rxc1 26. Qxc1 Rc8 27. Qd2 Qd5 28. Rc1 Rxc1+ 29. Qxc1 Qc4 30. Qb2 Bd7 31. Qb1 f5 32. Qd1 Qd5 33. Qc2 Bc6 34. Qc3 (34. b5 $14 Bxb5 35. Qc7) 34... Kf7 35. b5 $36 {[%mdl 2048] Black is under pressure.} Bxb5 36. Qc7+ Bd7 37. Qf4 Qc5 38. Qxh4 {Qh7+ is the strong threat.} Qe5 39. Qd8 Qe7 {[#]} (39... Bc6 $14) 40. Qa5 $1 $16 a6 (40... Qd6 $16) 41. Qd5+ $18 Be6 42. Nxe6 Qxe6 43. Qxb7+ {[%mdl 4096] Endgame KQ-KQ} Kf6 44. h4 Qd6 45. Qb2+ Kf7 46. Qb3+ Kg7 (46... Kf6 $142 47. g3 Kg7) 47. Qc3+ Kh7 48. Qb3 (48. Qb4 $142 Qd1+ 49. Kh2) 48... Kg7 $1 49. a4 {[%cal Ba3a4,Ba4a5][%mdl 32]} Qc6 50. Qb2+ Kf7 51. a5 Ke6 52. g3 Kf7 53. Kg2 Qd5 54. Qb6 Qd3 55. Qc5 Qe2 56. Qd5+ Kg7 {[#]} 57. h5 $1 {[%mdl 512]} Qf3+ $2 (57... Kh6 $1 $14) (57... Qxh5 58. Qb7+) 58. Kg1 gxh5 $2 (58... Qxh5 59. Qb7+ Kf8) 59. Qb7+ Kf8 60. Qxa6 Qd1+ $2 (60... Ke7 61. Qb7+ Kf6 62. Qb6+ Kf7 63. Qb3+ Ke7 64. Qb7+ Kf6 65. Qb6+ Ke7 66. Qc7+ Ke6 67. Qc6+ Ke5) 61. Kh2 {White is clearly winning.} Qd2 62. Qf6+ Kg8 63. Qg6+ Kh8 64. Qxh5+ {Precision: White = 64%, Black = 27%.} 1-0

[Event "Istanbul Open 2017"]
[Site "Istanbul"]
[Date "2017.09.14"]
[Round "5"]
[White "Mohannad, Farhan"]
[Black "Erencek, Ali Ediz"]
[Result "1-0"]
[WhiteElo "2264"]
[BlackElo "1888"]
[Annotator "TA"]
[PlyCount "77"]
[EventDate "2017.??.??"]
[EventType "swiss"]
[EventCountry "TUR"]
[SourceTitle "playchess.com"]
[Source "ChessBase"]
[SourceQuality "1"]

{[%evp 11,77,31,21,17,24,19,17,10,27,13,17,0,18,-7,0,-6,0,-19,-5,-10,9,0,43,8,17,15,12,34,297,297,441,444,574,574,574,574,560,560,563,554,542,518,491,453,472,464,466,464,482,466,462,480,678,673,592,573,572,572,676,539,536,538,530,514,569,569,709,697]} 1. g3 Nf6 2. Bg2 e6 3. Nf3 d5 4. O-O Nbd7 5. d3 (5. c4 dxc4 6. Qc2 c6 7. Qxc4 Bd6 8. b3 O-O 9. Bb2 e5 10. d3 Re8 11. Nbd2 Qe7 12. a3 Nf8 13. Qc2 Bc7 14. b4 {0-1 (57) Saric,I (2648)-Debashis,D (2472) Moscow 2017}) 5... b6 6. e4 {A07: Réti Opening: New York and Capablanca Systems} dxe4 {LiveBook: 5 Games} 7. Ng5 Bb7 8. Nc3 {White has an edge.} Qc8 9. Ngxe4 Bb4 $146 ({Find the theoretical novelty and annotate with similar games:} 9... Be7 10. a4 a6 11. Qe2 h6 12. f4 O-O 13. g4 Nxe4 14. dxe4 Bc5+ {1-0 (32) Groszpeter,A (2505)-Rezsek,G (2120) Zalakaros 1998}) 10. Bd2 O-O 11. a3 Nxe4 12. dxe4 Be7 13. Qh5 Bf6 (13... g6 $5 {[%cal Rg6h5]} 14. Qh3 h5 $11) 14. Nd1 Rd8 15. Bc3 g6 16. Qh6 c5 17. f4 Bd4+ 18. Nf2 Bxc3 19. bxc3 f5 $2 {[%mdl 8192] [#]} (19... Qc7 $14) 20. exf5 $1 $18 exf5 (20... Nf8 {was worth a try.}) 21. Rfe1 {Re7 would kill now.White is clearly winning.} Be4 ({Stronger than} 21... Bxg2 22. Re7 Kh8 23. Qxh7#) 22. Nxe4 fxe4 23. Bxe4 {White wants to mate with Bd5+.} c4 24. Bd5+ Kh8 {[#] aiming for ...Qc5+.} 25. Bxa8 Qc5+ 26. Kh1 Rxa8 27. Qh3 Nf6 28. Qe6 Rf8 29. a4 h5 30. Qe5 Qc6+ 31. Kg1 Rf7 (31... Kg7 $142 32. a5 Rf7 33. axb6 Qxb6+ 34. Qd4 Rd7) 32. Rad1 Kg7 33. f5 gxf5 34. Qxf5 Ng4 35. Qg5+ Qg6 36. Qxg6+ Kxg6 37. Rd6+ Kg7 38. Rc6 Rf5 39. Re7+ {Precision: White = 67%, Black = 35%.} 1-0

[Event "Istanbul Open 2017"]
[Site "Istanbul"]
[Date "2017.09.14"]
[Round "5"]
[White "Erdogan, Anil Berk"]
[Black "Markidis, Konstantinos"]
[Result "1/2-1/2"]
[WhiteElo "2106"]
[BlackElo "2350"]
[Annotator "TA"]
[PlyCount "59"]
[EventDate "2017.??.??"]
[EventType "swiss"]
[EventCountry "TUR"]
[SourceTitle "playchess.com"]
[Source "ChessBase"]
[SourceQuality "1"]

{[%evp 21,59,20,17,18,23,20,9,0,25,0,24,-7,24,23,62,36,32,35,37,37,48,34,27,25,43,0,0,0,0,0,0,0,0,0,0,-4,0,0,0,0]} 1. e4 e5 2. Nf3 {[%cal Bg1f3,Bf3d4,Bd4b3][%mdl 32]} Nc6 3. d4 exd4 4. Nxd4 Bc5 5. Nb3 Bb6 6. Nc3 d6 7. Qe2 a5 {C45: Scotch Game} 8. Be3 a4 9. Bxb6 axb3 10. Be3 bxa2 11. Rxa2 Rxa2 {LiveBook: 3 Games} 12. Nxa2 Nge7 13. Nc3 $146 ({Predecessor:} 13. Qd2 d5 14. exd5 Qxd5 15. Nc3 Qxd2+ 16. Kxd2 {1-0 (25) Duda,J (2671)-Hovhannisyan,R (2640) Martuni 2016}) 13... O-O 14. Qd1 Kh8 15. g3 Be6 16. Nd5 Ne5 (16... Bxd5 $5 17. exd5 Ne5 $14) 17. Bg2 c6 18. Nxe7 (18. Nf4 {is more complex.} Bg4 19. f3 Bc8 20. Bd4 Qc7 21. O-O) 18... Qxe7 19. O-O f5 20. exf5 Bxf5 21. Bd4 Re8 22. Bc3 Qf8 23. Re1 Bg4 {The position is equal.} 24. Qd2 Nf3+ $1 25. Bxf3 $1 {[#] Threatening mate with Rxe8.} Rxe1+ 26. Qxe1 Bxf3 27. Qe3 c5 28. Qg5 {And now Bxg7+! would win.} Be4 29. Bxg7+ Qxg7 30. Qd8+ {Precision: White = 55%, Black = 51%.} 1/2-1/2

[Event "Istanbul Open 2017"]
[Site "Istanbul"]
[Date "2017.09.14"]
[Round "5"]
[White "Eren, Ataberk"]
[Black "Citak, Selim"]
[Result "1/2-1/2"]
[WhiteElo "2064"]
[BlackElo "2318"]
[Annotator "TA"]
[PlyCount "37"]
[EventDate "2017.??.??"]
[EventType "swiss"]
[EventCountry "TUR"]
[SourceTitle "playchess.com"]
[Source "ChessBase"]
[SourceQuality "1"]

{[%evp 21,37,42,58,35,39,35,60,37,41,23,72,56,44,40,47,55,120,5]} 1. d4 Nf6 2. c4 c5 3. d5 e6 4. Nc3 exd5 5. cxd5 d6 6. e4 g6 7. Nge2 Bg7 8. Ng3 O-O 9. Be2 Na6 10. O-O {A65: Modern Benoni: 6 e4} Nc7 11. a4 Re8 {LiveBook: 3 Games} (11... Nd7 12. Bf4 Ne5 13. Qd2 h5 14. h3 Bd7 15. Rae1 a6 16. Bh6 h4 17. Nh1 f6 18. Bxg7 Kxg7 {0-1 (45) Mchedlishvili,M (2601)-Pantsulaia,L (2607) Tbilisi 2017}) 12. h3 {White is slightly better.} a6 13. Bg5 h6 14. Be3 Bd7 $146 ({Predecessor:} 14... Rb8 15. Qd2 b5 16. axb5 axb5 17. Bxh6 {0-1 (33) Fiala,J (1983)-Golcman,E (2304) Olomouc 2009}) 15. Qd2 Kh7 16. f4 (16. Bf4 $5 {[%cal Rf4d6]} Qe7 17. Bd3 $16) 16... b5 {Threatening ...b4.} 17. e5 b4 18. Nce4 dxe5 (18... Nxe4 $1 $14 19. Nxe4 dxe5) 19. d6 ({But not} 19. Bxc5 $6 Ncxd5 20. fxe5 Rxe5 $11) (19. Nxf6+ $16 Qxf6 20. Ne4 (20. Bxc5 e4 $11)) 1/2-1/2

[Event "Istanbul Open 2017"]
[Site "Istanbul"]
[Date "2017.09.14"]
[Round "5"]
[White "Kitir, Ahmet"]
[Black "Kocyigit, Buse Naz"]
[Result "1-0"]
[WhiteElo "2057"]
[BlackElo "1863"]
[Annotator "NA RC"]
[PlyCount "77"]
[EventDate "2017.??.??"]
[EventType "swiss"]
[EventCountry "TUR"]
[SourceTitle "playchess.com"]
[Source "ChessBase"]
[SourceQuality "1"]
[TimeControl "5400+30"]

1. e4 {[%emt 0:02:30]} d5 {[%emt 0:01:00]} 2. exd5 {[%emt 0:00:30]} Qxd5 {[%emt 0:00:00]} 3. Nc3 {[%emt 0:00:00]} Qd6 {[%emt 0:00:00]} 4. Nf3 {[%emt 0:02:30]} Bg4 {[%emt 0:00:00]} 5. d4 {[%emt 0:05:30]} Nf6 {[%emt 0:00:00]} 6. Be3 {[%emt 0:09:30] B01: Scandinavian Defence} (6. h3 Bh5 7. g4 Bg6 8. Ne5 Nbd7 9. Nxg6 hxg6 10. Bg2 c6 11. Qd3 e6 12. Bd2 Nb6 13. O-O-O Nbd5 14. Ne2 {1-0 (39) Bologan,V (2640)-Kovalenko,I (2684) Tallinn 2016}) 6... e6 {[%emt 0:02:00]} 7. Be2 {[%emt 0:15:30]} c6 {[%emt 0:00:30]} 8. Ne5 {[%emt 0:12:30]} Bxe2 {[%emt 0:00:30]} 9. Qxe2 {[%emt 0:00:30]} Qc7 {[%emt 0:20:00]} 10. O-O {[%emt 1:02:00]} Bd6 {[%emt 0:00:30]} 11. Bg5 {[%emt 0:00:30]} Nd5 {[%emt 0:00:30]} 12. Ne4 {[%emt 0:06:30]} Bxe5 {[%emt 0:11:30]} 13. dxe5 {[%emt 0:02:30]} Qxe5 $146 {[%emt 0:00:30]} ({Predecessor:} 13... h6 14. Bh4 Nd7 15. Nd6+ Kf8 16. Qh5 g6 17. Qe2 Nf4 18. Qe4 Nd5 19. c4 N5b6 20. Qf4 Rh7 21. Bg3 Nc5 22. Rad1 Qe7 23. b3 {1-0 (23) Rocek,V (1029)-Basson,H (1255) LSS email 2014}) 14. c4 {[%emt 0:05:30]} O-O {[%emt 0:22:30]} 15. Qf3 {[%emt 0:04:37]} Nb6 {[%emt 0:08:30]} 16. Rfe1 {[%emt 0:05:09]} Qf5 {[%emt 0:17:35]} 17. Qxf5 {[%emt 0:00:24]} exf5 {[%emt 0:00:03]} 18. Nd6 {[%emt 0:00:19]} f6 {[%emt 0:02:25]} 19. Be3 {[%emt 0:03:26]} N8d7 {[%emt 0:01:39]} 20. b3 {[%emt 0:00:08]} Rab8 {[%emt 0:02:26]} 21. Nxf5 {[%emt 0:00:25]} Ne5 {[%emt 0:04:46]} 22. a4 {[%emt 0:00:05]} Ra8 {[%emt 0:01:07]} 23. a5 {[%emt 0:03:08]} Nc8 {[%emt 0:01:25]} 24. Bc5 {[%emt 0:01:35]} Rd8 {[%emt 0:01:22]} 25. Rad1 {[%emt 0:00:36]} Rd3 {[%emt 0:01:51]} 26. f4 {[%emt 0:01:22]} Rxd1 {[%emt 0:00:52]} 27. Rxd1 {[%emt 0:00:05]} Nf7 {[%emt 0:00:16]} 28. Re1 {[%emt 0:00:25]} h6 {[%emt 0:01:07]} 29. Re8+ {[%emt 0:00:07]} Kh7 {[%emt 0:00:01]} 30. Ne7 {[%emt 0:00:52]} Nb6 {[%emt 0:01:49] [#]} 31. Rxa8 $1 {[%emt 0:00:42]} ({Much less strong is} 31. axb6 $6 Rxe8 32. bxa7 g5) 31... Nxa8 {[%emt 0:00:01]} 32. Bxa7 {[%emt 0:00:30]} Nc7 {[%emt 0:00:07]} 33. b4 {[%emt 0:02:07]} Na6 {[%emt 0:02:03]} 34. b5 {[%emt 0:00:14]} cxb5 {[%emt 0:00:03]} 35. cxb5 {[%emt 0:00:03]} Nc7 {[%emt 0:00:18] [#]} 36. a6 $1 {[%emt 0:00:10]} Nd6 {[%emt 0:02:21]} 37. Bb8 $18 {[%emt 0:00:27]} Ndxb5 {[%emt 0:00:44]} 38. Bxc7 {[%emt 0:00:17]} Nxc7 {[%emt 0:00:07]} 39. axb7 {[%emt 0:00:04]} 1-0

[Event "Istanbul Open 2017"]
[Site "Istanbul"]
[Date "2017.09.14"]
[Round "5"]
[White "Zeydan, Salih"]
[Black "Ozsakallioglu, Akin"]
[Result "1-0"]
[WhiteElo "2057"]
[BlackElo "1893"]
[Annotator "NA RC"]
[PlyCount "177"]
[EventDate "2017.??.??"]
[EventType "swiss"]
[EventCountry "TUR"]
[SourceTitle "playchess.com"]
[Source "ChessBase"]
[SourceQuality "1"]
[TimeControl "5400+30"]

{[%evp 11,170,0,5,0,32767,32767,32767,32767,32767,32767,32767,32767,32767,32767,68,32767,32767,32767,32767,32767,32767,32767,32767,32767,32767,32767,32767,32767,32767,32767,32767,32767,106,83,32767,63,61,0,61,24,112,47,52,45,54,25,22,34,150,136,232,250,231,102,125,116,32767,32767,32767,32767,32767,105,83,80,84,54,26,41,79,0,50,4,101,32767,310,361,421,708,620,6409,970,32767,32767,32767,32767,32767,32767,32767,32767,32767,32767,32767,32767,32767,32767,32767,32767,32767,32767,32767,32767,6045,2289,32767,32767,32767,32767,1310,32767,32767,32767,32767,2583,12837,2223,29974,12840,32767,32767,32767,32767,32767,32767,29981,29981,29976,32767,32767,32767,32767,32767,22,11,32767,29977,29980,29980,32767,32767,32767,32767,29983,29984,12845,29984,29980,29984,29982,12846,29983,29984,12844,29991,12847,29992,29993,29993,12846,12846,32767,12847]} 1. e4 {[%emt 0:01:30]} c5 {[%emt 0:00:00]} 2. Nf3 {[%emt 0:00:30]} e6 {[%emt 0:00:30]} 3. c3 {[%emt 0:00:30]} Nc6 {[%emt 0:00:30]} 4. d4 {[%emt 0:00:30]} cxd4 {[%emt 0:00:30]} 5. cxd4 {[%emt 0:00:30]} d5 {[%emt 0:00:30]} 6. exd5 {[%emt 0:02:30]} exd5 {[%emt 0:00:30]} 7. Nc3 {[%emt 0:00:30]} Nf6 {[%emt 0:00:30]} 8. Bb5 {[%emt 0:05:30]} a6 {[%emt 0:04:30]} 9. Bxc6+ {[%emt 0:01:30]} bxc6 {[%emt 0:00:30]} 10. Ne5 {[%emt 0:01:30]} Bd7 {[%emt 0:00:30]} 11. O-O {[%emt 0:01:30]} Be7 {[%emt 0:00:30]} 12. Bg5 {[%emt 0:01:30]} O-O {[%emt 0:03:30]} 13. Re1 {B14: Caro-Kann: Panov-Botvinnik Attack with 5...e6 and 5...g6} h6 14. Bh4 Re8 15. Rc1 Bb4 $146 {[%emt 0:31:00]} ({Find the theoretical novelty and annotate with similar games:} 15... Nh7 16. Qh5 g6 17. Bxe7 gxh5 18. Bxd8 Raxd8 19. Na4 f6 20. Nxd7 Rxe1+ 21. Rxe1 Rxd7 {1-0 (29) Reiss,T (2377)-Muranyi,K (2385) Budapest 2006}) 16. Bxf6 {[%emt 0:47:00]} gxf6 {[%emt 0:00:30]} 17. Nd3 {[%emt 0:00:30]} Rxe1+ {[%emt 0:00:30]} 18. Qxe1 {[%emt 0:00:30]} Bd6 {[%emt 0:00:30]} 19. Qd2 {[%emt 0:00:30]} Kh7 {[%emt 0:00:30]} 20. Nf4 {[%emt 0:00:30]} Bf5 {[%emt 0:00:30]} 21. Nce2 {[%emt 0:00:30]} Rc8 {[%emt 0:01:30]} 22. Ng3 {[%emt 0:01:30]} Bg6 {[%emt 0:00:30]} 23. h4 {[%emt 0:02:30]} Qd7 {[%emt 0:02:30]} 24. h5 {[%emt 0:15:30]} (24. Nxg6 $14 fxg6 25. Qd3) 24... Bf5 {[%emt 0:00:30]} 25. a3 {[%emt 0:00:30]} Rg8 {[%emt 0:00:30]} (25... Kg7 $11) 26. Nfe2 {[%emt 0:02:30]} Rc8 {[%emt 0:10:30]} 27. Rc3 {[%emt 0:01:30]} Be4 {[%emt 0:03:30]} 28. Qe3 {[%emt 0:06:30]} Re8 {[%emt 0:01:30]} 29. Qc1 {[%emt 0:01:30]} Rc8 {[%emt 0:06:30]} (29... Kg7 $1 $14) 30. f3 {[%emt 0:00:30]} Bxg3 {[%emt 0:01:30]} (30... Bf5 $16 {is a better defense.}) 31. Nxg3 {[%emt 0:00:30]} Bf5 {[%emt 0:00:00]} 32. Nxf5 {[%emt 0:04:10]} (32. Qf4 $18 {is the precise move to win.} Bb1 33. Qxf6) 32... Qxf5 {[%emt 0:00:00]} 33. Rxc6 {[%emt 0:00:07]} Rxc6 {[%emt 0:00:30]} 34. Qxc6 {[%emt 0:00:13]} Qb1+ {[%emt 0:00:30]} 35. Kh2 {[%emt 0:00:30]} Qxb2 {[%emt 0:00:00]} 36. Qxd5 {[%emt 0:03:57]} (36. Qxf6 $18 {und der Rest ist Schweigen.} Kg8 37. Qxh6 Qxd4 38. Qg5+ (38. Qxa6 Qh4+ 39. Kg1 Qe1+ 40. Qf1 Qe5 $18) 38... Kh7 39. Kg3) 36... Kg7 {[%emt 0:01:00]} 37. Qd6 {[%emt 0:00:43]} Qb5 {[%emt 0:01:30]} 38. Qc5 {[%emt 0:04:53]} (38. Qg3+ $16 Kh7 39. Qh4) 38... Qb8+ {[%emt 0:00:00]} 39. Kh3 {[%emt 0:00:53]} Qb1 {[%emt 0:01:00]} 40. Kg4 {[%emt 0:01:56]} Qf1 {[%emt 0:01:30] [#]} 41. g3 {[%emt 0:01:00]} (41. Qc2 $1 $16) 41... Qd3 {[%emt 0:00:30]} (41... Qa1 $11 {keeps the balance.}) 42. d5 {[%emt 0:03:21]} f5+ $2 {[%emt 0:00:30]} (42... Qd2 $11 {and Black has nothing to worry.}) 43. Kf4 {[%emt 0:00:25]} Qd2+ {[%emt 0:00:30]} 44. Qe3 {[%emt 0:00:23]} Qh2 {[%emt 0:02:30]} 45. d6 {[%emt 0:02:07]} Qxh5 {[%emt 0:00:30]} 46. Qe5+ {[%emt 0:00:22]} f6 {[%emt 0:00:30]} 47. Qe7+ {[%emt 0:00:58]} Kg8 {[%emt 0:00:00]} 48. Qxf6 {[%emt 0:00:15]} Qe8 {[%emt 0:00:00]} 49. Kxf5 {[%emt 0:02:07]} Qb5+ {[%emt 0:00:30]} 50. Ke6 {[%emt 0:00:28]} Qe8+ {[%emt 0:00:30]} 51. Qe7 {[%emt 0:00:32]} Qc8+ {[%emt 0:00:30]} 52. Qd7 {[%emt 0:01:16]} Qc4+ {[%emt 0:00:00]} 53. Ke7 {[%emt 0:00:19]} Qf7+ {[%emt 0:01:00]} 54. Kd8 {[%emt 0:00:01]} Qxf3 {[%emt 0:00:00]} 55. Qe6+ {[%emt 0:00:47]} Kg7 {[%emt 0:00:00]} 56. d7 {[%emt 0:01:00]} (56. Qe5+ $142 Kg8 57. d7 Qa8+ 58. Ke7 Qf8+ 59. Ke6 Qf7+ 60. Kd6 Qf8+ 61. Kc7) 56... Qa8+ {[%emt 0:00:30]} 57. Kc7 {[%emt 0:00:20]} Qa7+ {[%emt 0:00:00]} 58. Kc6 {[%emt 0:00:27]} Qa8+ {[%emt 0:00:00]} 59. Kb6 {[%emt 0:01:01]} (59. Kc5 $142 Qd8 60. Qd6) 59... Qb8+ {[%emt 0:00:30]} 60. Kxa6 {[%emt 0:00:12]} Qa8+ {[%emt 0:00:00]} 61. Kb6 {[%emt 0:00:33]} Qb8+ {[%emt 0:00:00]} 62. Kc6 {[%emt 0:00:33]} Qa8+ {[%emt 0:00:00]} 63. Kb5 {[%emt 0:00:35]} Qb7+ {[%emt 0:00:00]} 64. Ka4 {[%emt 0:00:40]} Qa7+ {[%emt 0:00:30]} 65. Kb3 {[%emt 0:00:34]} Qb7+ {[%emt 0:00:00]} 66. Kc3 {[%emt 0:00:47]} Qc7+ {[%emt 0:00:00]} 67. Kd4 {[%emt 0:00:50]} Qa7+ {[%emt 0:00:30]} 68. Ke4 {[%emt 0:00:21]} Qa4+ {[%emt 0:00:00]} 69. Kf5 {[%emt 0:00:29]} Qc2+ {[%emt 0:00:00]} 70. Kg4 {[%emt 0:00:44]} Qd1+ {[%emt 0:00:30]} 71. Kf4 {[%emt 0:00:52]} (71. Kh4 $16 Qh1+ 72. Kg4 h5+ 73. Kg5 Qc1+ 74. Kxh5 Qh1+ 75. Kg4 Qd1+ 76. Kf4 Qf1+ 77. Ke5 Qa1+ 78. Ke4 Qb1+ 79. Kd4 Qb2+ 80. Kd3 Qxa3+ 81. Ke2 Qb2+ 82. Kf3) 71... Qf1+ $1 {[%emt 0:00:30]} 72. Ke5 {[%emt 0:00:46]} Qe2+ {[%emt 0:00:30]} 73. Kd6 {[%emt 0:00:25]} Qa6+ {[%emt 0:00:30]} 74. Ke7 {[%emt 0:00:53]} Qxa3+ {[%emt 0:00:00]} 75. Qd6 {[%emt 0:00:26]} Qe3+ {[%emt 0:00:00]} 76. Kd8 {[%emt 0:00:19]} Qa7 {[%emt 0:00:30]} 77. Qe5+ {[%emt 0:00:33]} Kf7 {[%emt 0:00:30]} 78. Qf5+ {[%emt 0:00:25]} Kg7 {[%emt 0:00:00]} 79. Qg4+ {[%emt 0:00:44]} Kf8 {[%emt 0:00:00]} 80. Qb4+ {[%emt 0:00:28]} Kf7 {[%emt 0:00:30]} 81. Qc4+ {[%emt 0:00:41]} Kf8 {[%emt 0:00:30]} 82. Qf4+ {[%emt 0:00:22]} Kg7 {[%emt 0:00:30]} 83. Ke8 {[%emt 0:00:40]} Qa2 {[%emt 0:00:30]} 84. Qf8+ {[%emt 0:00:24]} Kg6 {[%emt 0:00:30]} 85. d8=Q {[%emt 0:00:11]} Qe6+ $18 {[%emt 0:00:30]} 86. Qfe7 {[%emt 0:00:45]} Qc6+ {[%emt 0:00:30]} 87. Qed7 {[%emt 0:00:40]} Qe4+ {[%emt 0:00:30]} 88. Kf8 {[%emt 0:00:25]} Qf3+ {[%emt 0:00:00]} 89. Kg8 {[%emt 0:00:17]} 1-0